[Event "World Rapid 2018"]
[Site "St Petersburg RUS"]
[Date "2018.12.27"]
[Round "8.57"]
[White "Sarana, Alexey"]
[Black "Fakhrutdinov, Timur"]
[Result "1/2-1/2"]
[WhiteTitle "GM"]
[BlackTitle "FM"]
[WhiteElo "2618"]
[BlackElo "2481"]
[WhiteFideId "24133795"]
[BlackFideId "24176702"]
[EventDate "2018.12.26"]

1. Nf3 Nf6 2. c4 e6 3. Nc3 d5 4. d4 dxc4 5. Qa4+ c6 6. Qxc4 b5 7. Qb3 a6 8. Bg5
c5 9. Rd1 Nbd7 10. dxc5 Bxc5 11. e3 Qb6 12. Bd3 h6 13. Bh4 Bb7 14. O-O Be7 15.
Qc2 Rc8 16. Qe2 b4 17. Nb1 Nc5 18. Bc4 O-O 19. Nbd2 Rfd8 20. Ne5 Ncd7 21. Nef3
Nc5 22. Rfe1 a5 23. Ne5 Ncd7 24. Nef3 Nc5 25. b3 Nce4 26. Nxe4 Bxe4 27. Nd4 Bd5
28. Bd3 Bb7 29. Bb1 Rc7 30. Qd3 g6 31. Qe2 Nd5 32. Bxe7 Rxe7 33. Qg4 Kg7 34. h4
Nc3 35. Rc1 Rd5 36. Ne2 Nxe2+ 37. Qxe2 Rc7 38. Qb2+ e5 39. Be4 Rdc5 40. Bxb7
Qxb7 41. Rxc5 Rxc5 42. Rc1 Qc7 43. Rxc5 Qxc5 44. Kf1 Kf6 45. Qd2 Ke6 46. g3 Qb5+
47. Ke1 Qc6 48. Kf1 Qh1+ 49. Ke2 Qb1 50. Kf3 Qf5+ 51. Kg2 Qe4+ 52. Kg1 Qb1+ 53.
Kh2 h5 54. Qe2 Ke7 55. Kg2 Qe4+ 56. Kg1 Qc6 57. Qd1 Qc5 58. Qf3 Ke6 59. Qa8 Qd5
60. Qa6+ Ke7 61. Qa7+ Kf6 62. Qb6+ Kf5 63. Qa6 Kg4 64. Qe2+ Qf3 65. Qc4+ Kh3 66.
Qf1+ Kg4 67. Qd3 Kh3 68. Qf1+ Kg4 69. Kh2 Kf5 70. Qd3+ Ke6 71. Qa6+ Ke7 72. Qa7+
Ke6 73. Qb6+ Kf5 74. Kg1 Kg4 75. Qb5 Kh3 76. Qf1+ Kg4 77. Kh2 Kf5 78. Qd3+ Ke6
79. Kg1 Qd5 80. Qa6+ Ke7 81. Kf1 Qd1+ 82. Kg2 Qd5+ 83. Kg1 Qd1+ 84. Kg2 Qd5+ 85.
Kf1 Qd1+ 86. Kg2 Qd5+ 87. Kf1 Qd1+ 88. Kg2 Qd5+ 89. Kf1 Qd1+ 90. Kg2 Qd5+ 91.
Kf1 Qd1+ 92. Kg2 Qd5+ 93. Kf1 1/2-1/2

[Event "World Rapid 2018"]
[Site "St Petersburg RUS"]
[Date "2018.12.27"]
[Round "8.58"]
[White "Novikov, Stanislav"]
[Black "Tang, Andrew"]
[Result "0-1"]
[WhiteTitle "GM"]
[BlackTitle "GM"]
[WhiteElo "2540"]
[BlackElo "2487"]
[WhiteFideId "4125371"]
[BlackFideId "2059630"]
[EventDate "2018.12.26"]

1. e4 e5 2. Nf3 Nc6 3. Bb5 a6 4. Bxc6 dxc6 5. O-O Bd6 6. d4 exd4 7. Qxd4 f6 8.
Be3 Be6 9. Nbd2 Ne7 10. Rad1 Ng6 11. Qc3 Qe7 12. Nd4 Bb4 13. Qd3 O-O-O 14. Nxc6
bxc6 15. Qxa6+ Kd7 16. Nf3+ Bd6 17. Nd4 Ne5 18. b3 Ra8 19. Qe2 Ke8 20. f4 Bg4
21. Qf2 Bxd1 22. fxe5 Qxe5 23. Rxd1 Qxh2+ 24. Kf1 Qh1+ 25. Ke2 Qh5+ 26. Nf3 Rxa2
27. Kf1 Qh1+ 28. Ng1 Ke7 29. Bf4 Qh5 30. Bxd6+ cxd6 31. Nf3 Qh1+ 32. Ng1 Rd8 33.
Qg3 Kf7 34. Qc3 Kg8 35. Re1 Qh5 36. Qxc6 Qc5 0-1

[Event "World Rapid 2018"]
[Site "St Petersburg RUS"]
[Date "2018.12.27"]
[Round "8.59"]
[White "Tissir, Mohamed"]
[Black "Tsydypov, Zhamsaran"]
[Result "1/2-1/2"]
[WhiteTitle "IM"]
[BlackTitle "IM"]
[WhiteElo "2387"]
[BlackElo "2529"]
[WhiteFideId "9000240"]
[BlackFideId "4108566"]
[EventDate "2018.12.26"]

1. e4 c5 2. Nc3 d6 3. Nf3 Nf6 4. d4 cxd4 5. Nxd4 a6 6. Bc4 e6 7. Bb3 Qc7 8. g4
h6 9. Rg1 b5 10. a3 Bb7 11. Qe2 Nbd7 12. h4 Nc5 13. g5 hxg5 14. hxg5 Nfxe4 15.
Nxe4 Bxe4 16. g6 Bxg6 17. Bxe6 fxe6 18. Nxe6 Qf7 19. Nxc5+ Be7 20. Ne6 Rc8 21.
c3 Rc4 22. Nd4 O-O 23. Be3 Bh5 24. Qd3 Qd5 25. Kd2 Bf6 26. Raf1 Re8 27. Nf5 Re5
28. Rxg7+ Kf8 29. Rh7 Qxd3+ 30. Kxd3 Bg6 31. Ra7 Bxf5+ 32. Kd2 Bc8 33. Rg1 Re7
34. Ra8 Kf7 35. Rh1 Bb7 36. Rh7+ Ke6 37. Rxe7+ Bxe7 38. Rh8 Be4 39. Rh6+ Kf7 40.
Rh8 Rc7 41. Rb8 Rd7 42. Rc8 Bf6 43. Rb8 Bb7 44. Ke2 Bd8 45. Bf4 Ke6 46. Be3 Kd5
47. b3 Kc6 48. c4 Kc7 49. Ba7 bxc4 50. bxc4 Re7+ 51. Kd3 Re8 52. a4 a5 53. f4
Rh8 54. f5 Rf8 55. c5 dxc5 56. Bxc5 Rf6 57. Rxb7+ Kxb7 58. Ke4 Kc6 59. Bd4 Rf8 1/2-1/2

[Event "World Rapid 2018"]
[Site "St Petersburg RUS"]
[Date "2018.12.27"]
[Round "8.60"]
[White "Miton, Kamil"]
[Black "Yakubboev, Nodirbek"]
[Result "0-1"]
[WhiteTitle "GM"]
[BlackTitle "IM"]
[WhiteElo "2588"]
[BlackElo "2556"]
[WhiteFideId "1111914"]
[BlackFideId "14203987"]
[EventDate "2018.12.26"]

1. d4 Nf6 2. c4 e6 3. g3 d5 4. Bg2 Nc6 5. Nf3 Bd6 6. O-O O-O 7. Nbd2 b6 8. b3
Bb7 9. Bb2 Ne4 10. Rc1 f5 11. Ne1 a5 12. a4 Nb4 13. Ndf3 f4 14. Nd3 fxg3 15.
hxg3 c5 16. dxc5 bxc5 17. Nxb4 axb4 18. Nd2 Ng5 19. f4 Nf7 20. e3 Qe7 21. Qe2
Nh6 22. e4 d4 23. Rce1 e5 24. f5 Qg5 25. Bc1 Qxg3 26. Rf3 Qg5 27. Nf1 Qf6 28.
Rg3 Nf7 29. Nh2 Kh8 30. Qh5 Be7 31. Nf3 Nh6 32. Ng5 Ra6 33. Rf1 Bc8 34. Bh3 Rg8
35. Rf2 Bd7 36. Rfg2 Be8 37. Qe2 g6 38. Ne6 gxf5 39. Rxg8+ Nxg8 40. exf5 Qh4 41.
Rxg8+ Kxg8 42. Qg2+ Bg6 43. fxg6 h6 44. Bd2 e4 45. Bf4 Qe1+ 46. Kh2 d3 47. g7
Qe2 48. Bf5 Qh5+ 49. Qh3 Qe2+ 50. Qg2 Bg5 51. Qxe2 dxe2 52. Bg3 Bd2 53. Nxc5 Bf4
54. Nxa6 0-1

[Event "World Rapid 2018"]
[Site "St Petersburg RUS"]
[Date "2018.12.27"]
[Round "8.62"]
[White "Gaifullin, Artur"]
[Black "Amin, Bassem"]
[Result "0-1"]
[WhiteTitle "FM"]
[BlackTitle "GM"]
[WhiteElo "2448"]
[BlackElo "2710"]
[WhiteFideId "24168653"]
[BlackFideId "10601457"]
[EventDate "2018.12.26"]

1. d4 Nf6 2. c4 g6 3. Nc3 Bg7 4. e4 d6 5. Nge2 O-O 6. Ng3 c5 7. d5 h5 8. Be2 e6
9. Bg5 exd5 10. exd5 Qb6 11. Qb3 Qxb3 12. axb3 Bd7 13. O-O-O Re8 14. Bf3 Na6 15.
Bf4 Nb4 16. Nge4 Na2+ 17. Kd2 Nxe4+ 18. Nxe4 Bxb2 19. Nxd6 Re7 20. Be3 b6 21.
Ne4 Rae8 22. Ra1 Bxa1 23. Rxa1 Nb4 24. Nf6+ Kg7 25. Nxe8+ Bxe8 26. Kc3 f6 27. h4
a5 28. Re1 Kf7 29. g4 hxg4 30. Bxg4 f5 31. Bd1 Re4 32. h5 f4 33. hxg6+ Kxg6 34.
Bf3 Re5 35. Rg1+ Rg5 36. Rxg5+ Kxg5 37. Bd2 Bg6 38. d6 Bf5 39. Bb7 Bd7 40. f3
Kf5 41. Be4+ Ke5 42. Bb7 Bf5 43. Ba8 Na6 44. Bc6 Nb8 45. Bb7 0-1

[Event "World Rapid 2018"]
[Site "St Petersburg RUS"]
[Date "2018.12.27"]
[Round "8.63"]
[White "Jones, Gawain C B"]
[Black "Belozerov, Andrei"]
[Result "1-0"]
[WhiteTitle "GM"]
[BlackTitle "GM"]
[WhiteElo "2682"]
[BlackElo "2528"]
[WhiteFideId "409561"]
[BlackFideId "4120213"]
[EventDate "2018.12.26"]

1. e4 c6 2. d4 d5 3. e5 Bf5 4. h4 h5 5. Bd3 Bxd3 6. Qxd3 Qa5+ 7. Nd2 e6 8. Ne2
Qa6 9. c4 Nh6 10. Ng3 c5 11. O-O Nc6 12. dxc5 O-O-O 13. b4 Nxb4 14. Qc3 Nc6 15.
cxd5 exd5 16. Nf3 d4 17. Qb3 Bxc5 18. Bg5 Rd7 19. Rac1 Be7 20. e6 fxe6 21. Ne5
Bxg5 22. hxg5 Nf7 23. Nxd7 Kxd7 24. Ne4 Qb6 25. Nc5+ Kc7 26. Qxe6 Nfe5 27. Rfe1
Qb2 28. Na4 Qb5 29. Qxe5+ 1-0

[Event "World Rapid 2018"]
[Site "St Petersburg RUS"]
[Date "2018.12.27"]
[Round "8.64"]
[White "Antipov, Mikhail Al."]
[Black "Vlassov, Nikolai"]
[Result "1-0"]
[WhiteTitle "GM"]
[BlackTitle "IM"]
[WhiteElo "2589"]
[BlackElo "2401"]
[WhiteFideId "4107012"]
[BlackFideId "4103360"]
[EventDate "2018.12.26"]

1. e4 c5 2. Nf3 d6 3. Bb5+ Nc6 4. O-O Bg4 5. h3 Bxf3 6. Qxf3 e6 7. c3 Ne7 8. Rd1
Qb6 9. Na3 a6 10. Ba4 Qc7 11. d4 b5 12. Bb3 Na5 13. dxc5 dxc5 14. Bf4 Qb7 15.
Bd6 Ng6 16. Bxf8 Nxf8 17. Qg3 Ng6 18. h4 Qxe4 19. Bd5 exd5 20. Re1 O-O 21. Rxe4
dxe4 22. h5 Ne7 23. h6 g6 24. Qg5 Nac6 25. Qf6 1-0

[Event "World Rapid 2018"]
[Site "St Petersburg RUS"]
[Date "2018.12.27"]
[Round "8.65"]
[White "Sanikidze, Tornike"]
[Black "Paravyan, David"]
[Result "0-1"]
[WhiteTitle "GM"]
[BlackTitle "GM"]
[WhiteElo "2507"]
[BlackElo "2634"]
[WhiteFideId "13602608"]
[BlackFideId "4194985"]
[EventDate "2018.12.26"]

1. d4 Nf6 2. c4 e6 3. Nf3 d5 4. Bg5 h6 5. Bxf6 Qxf6 6. Nc3 c6 7. e3 Nd7 8. Qc2
Qd8 9. Bd3 Bd6 10. O-O-O dxc4 11. Bxc4 b5 12. Bb3 a5 13. Ne4 Qc7 14. Nxd6+ Qxd6
15. a4 Bb7 16. Kb1 O-O 17. Nd2 Nf6 18. Qc5 Qxc5 19. dxc5 Rfd8 20. f3 Rd3 21. e4
Ba6 22. Bc2 Re3 23. Nf1 Re2 24. Rg1 b4 25. Ng3 Re3 26. Kc1 Bc4 27. Kd2 Rb3 28.
Bxb3 Bxb3 29. Ra1 Nd7 30. Ke3 Nxc5 31. Rgc1 Nxa4 32. Rxc6 Nxb2 33. Ne2 Rd8 34.
Nc1 a4 35. Nxb3 Rd3+ 36. Ke2 Rxb3 37. Rac1 a3 38. Ra6 Nd3 39. Rc8+ Kh7 40. g3
Ne5 41. f4 Rb2+ 42. Ke3 Ng4+ 43. Kd3 Rxh2 44. f5 exf5 45. exf5 Rf2 46. Rb8 Ne5+
47. Ke3 Rxf5 48. Rxb4 Rf3+ 49. Ke4 f6 50. g4 Rf2 51. Rxa3 Nxg4 52. Kd5 Rd2+ 53.
Ke6 Re2+ 54. Kf7 Ne5+ 55. Kf8 Ng6+ 0-1

[Event "World Rapid 2018"]
[Site "St Petersburg RUS"]
[Date "2018.12.27"]
[Round "8.66"]
[White "Oganian, Miran"]
[Black "Lintchevski, Daniil"]
[Result "1-0"]
[WhiteTitle "IM"]
[BlackTitle "GM"]
[WhiteElo "2423"]
[BlackElo "2516"]
[WhiteFideId "4122488"]
[BlackFideId "4171055"]
[EventDate "2018.12.26"]

1. d4 d5 2. Nf3 Nf6 3. c4 c6 4. Qb3 dxc4 5. Qxc4 Bg4 6. Nbd2 Nbd7 7. g3 e6 8.
Bg2 Be7 9. O-O O-O 10. Ne5 Bh5 11. Nxd7 Nxd7 12. Nb3 a5 13. a4 Nb6 14. Qc2 Nd5
15. Re1 Rc8 16. e4 Nb4 17. Qc4 b6 18. Be3 Qd7 19. f3 Rfd8 20. g4 Bg6 21. Bf1 f6
22. Qc3 Bf7 23. Be2 Qc7 24. Kg2 Bd6 25. h3 Bf4 26. Bf2 Qe7 27. Rad1 Bb8 28. Nd2
Qc7 29. Nf1 e5 30. dxe5 fxe5 31. Bc4 c5 32. Ne3 Rd4 33. Bxf7+ Qxf7 34. Nf5 Rcd8
35. Nxd4 exd4 36. Bxd4 cxd4 37. Rxd4 Re8 38. Qc4 Qxc4 39. Rxc4 Nd3 40. Re3 Nxb2
41. Rc6 Nxa4 42. Rd3 b5 43. Rd5 b4 44. Rxa5 Nc3 45. Ra8 Kf8 46. Rb6 Be5 47.
Rxe8+ Kxe8 48. Rxb4 Ke7 49. Rb7+ Kf6 50. h4 h6 51. Rb6+ Kf7 52. g5 h5 53. Rb7+
Ke6 54. f4 Bxf4 55. Rxg7 Be5 56. Rh7 Nxe4 57. Rxh5 Bg7 58. Kf3 Nd6 59. g6 Nf5
60. Kg4 Ne7 61. Rg5 Bf6 62. h5 Nd5 63. g7 1-0

[Event "World Rapid 2018"]
[Site "St Petersburg RUS"]
[Date "2018.12.27"]
[Round "8.67"]
[White "Smirin, Ilia"]
[Black "Carlsson, Pontus"]
[Result "1/2-1/2"]
[WhiteTitle "GM"]
[BlackTitle "GM"]
[WhiteElo "2609"]
[BlackElo "2463"]
[WhiteFideId "2801990"]
[BlackFideId "1705814"]
[EventDate "2018.12.26"]

1. e4 c5 2. Nf3 d6 3. d4 cxd4 4. Nxd4 Nf6 5. Nc3 g6 6. Be3 Bg7 7. f3 O-O 8. Qd2
Nc6 9. g4 Be6 10. O-O-O Nxd4 11. Bxd4 Qa5 12. a3 Rab8 13. Kb1 Rfc8 14. h4 b5 15.
Nd5 Qxd2 16. Rxd2 Bxd5 17. exd5 b4 18. Bxa7 Ra8 19. Bd4 bxa3 20. b3 a2+ 21. Ka1
Ne4 22. Rd1 Nf2 23. Bxg7 Nxd1 24. Bh6 Rxc2 25. Bd3 Nf2 26. Bxc2 Nxh1 27. b4 Ng3
28. Bd3 Ra3 29. Bc4 Rxf3 30. b5 Rc3 31. Bxa2 Rc5 32. b6 Rb5 33. Be3 Ne4 34. Bc1 1/2-1/2

[Event "World Rapid 2018"]
[Site "St Petersburg RUS"]
[Date "2018.12.27"]
[Round "8.68"]
[White "Belyakov, Bogdan"]
[Black "Moiseenko, Vadim"]
[Result "1/2-1/2"]
[WhiteTitle "IM"]
[BlackTitle "GM"]
[WhiteElo "2459"]
[BlackElo "2501"]
[WhiteFideId "24104795"]
[BlackFideId "4123700"]
[EventDate "2018.12.26"]

1. e4 c5 2. c3 Nf6 3. e5 Nd5 4. d4 cxd4 5. cxd4 d6 6. Bc4 e6 7. Nf3 Be7 8. O-O
O-O 9. Qe2 Nc6 10. Bd2 dxe5 11. dxe5 Nb6 12. Bd3 Nd4 13. Nxd4 Qxd4 14. Bc3 Qh4
15. g3 Qh3 16. Be4 Nd5 17. Bd2 Bd7 18. Nc3 Bc6 19. Nxd5 Bxd5 20. Bxd5 exd5 21.
Rac1 Qe6 22. Rc7 b6 23. Bc3 Bd8 24. Rb7 Qc8 25. Qa6 Re8 26. Qb5 Re7 27. Rxe7
Bxe7 28. Qxd5 Rb8 29. Rd1 Rb7 30. Kg2 Rc7 31. Rd3 h6 32. h3 a6 33. Rd4 b5 34.
Rg4 Qe6 35. Qxe6 fxe6 36. a4 Kf7 37. axb5 axb5 38. Kf3 Rc5 39. Re4 Rd5 40. g4 g5
41. Ke2 Kg6 42. b3 h5 43. f3 hxg4 44. hxg4 Bc5 45. b4 Be7 46. Re3 Rd7 47. Rd3
Rc7 48. Kd2 Kf7 49. Rd4 Ke8 50. Kc2 Bf8 51. Kb3 Rf7 52. Rd3 Be7 53. Bd4 Rf4 54.
Bc5 Bxc5 55. bxc5 Rc4 56. Rc3 Rd4 57. c6 Kd8 58. c7+ Kc8 59. Rc6 Rf4 60. Rxe6
Kxc7 61. Rg6 Kd7 62. Rxg5 Ke6 63. Rg8 Rxf3+ 64. Kb4 Kxe5 65. g5 Rg3 1/2-1/2

[Event "World Rapid 2018"]
[Site "St Petersburg RUS"]
[Date "2018.12.27"]
[Round "8.69"]
[White "Gareyev, Timur"]
[Black "Usmanov, Vasily"]
[Result "1/2-1/2"]
[WhiteTitle "GM"]
[BlackTitle "IM"]
[WhiteElo "2569"]
[BlackElo "2450"]
[WhiteFideId "14200937"]
[BlackFideId "4135741"]
[EventDate "2018.12.26"]

1. d4 Nf6 2. Bg5 Ne4 3. Bf4 d5 4. f3 Nf6 5. e4 e6 6. e5 Nfd7 7. Be3 c5 8. c3 Nc6
9. f4 Qb6 10. Qd2 a5 11. Nf3 a4 12. Be2 cxd4 13. Nxd4 Nc5 14. Nb5 Bd7 15. N1a3
Qa5 16. O-O Be7 17. Rf3 O-O 18. Raf1 Ne4 19. Qe1 f5 20. exf6 Rxf6 21. Bd3 Raf8
22. Qb1 e5 23. fxe5 Nxe5 24. Rxf6 Rxf6 25. Rxf6 Nxf6 26. Be2 Nc4 27. Bxc4 dxc4
28. Nd4 Bxa3 29. bxa3 Qxc3 30. Qc1 Qd3 31. Nf3 Nd5 32. Bd4 h6 33. Qe1 Nf4 34.
Be3 Ne2+ 35. Kf2 Nc3 36. Ne5 Qf5+ 37. Nf3 Ne4+ 38. Kg1 Bc6 39. Bd4 Qd5 40. Qe3
Nd6 41. Qe5 Nf5 42. Bc3 Qd3 43. Nd2 b5 44. Nf1 Qe4 45. Qxe4 Bxe4 46. Ng3 Nxg3
47. hxg3 h5 48. g4 hxg4 49. g3 Kf7 50. Kf2 Ke6 51. Ke3 Kd5 52. Bxg7 Bb1 53. Bc3
Bxa2 54. Bb4 Bb3 55. Bc3 Bd1 56. Bb4 Bf3 57. Bc3 1/2-1/2

[Event "World Rapid 2018"]
[Site "St Petersburg RUS"]
[Date "2018.12.27"]
[Round "8.70"]
[White "Drygalov, Sergey"]
[Black "Zvjaginsev, Vadim"]
[Result "0-1"]
[WhiteTitle "IM"]
[BlackTitle "GM"]
[WhiteElo "2446"]
[BlackElo "2642"]
[WhiteFideId "24171743"]
[BlackFideId "4113403"]
[EventDate "2018.12.26"]

1. d4 Nf6 2. Nf3 g6 3. c4 d6 4. g3 Bg7 5. Bg2 Bf5 6. O-O O-O 7. Ne1 c6 8. Nc3 d5
9. Qb3 Qd7 10. cxd5 cxd5 11. Nxd5 Nxd5 12. Qxd5 Qxd5 13. Bxd5 Nc6 14. Bxc6 bxc6
15. Be3 Rfb8 16. b3 a5 17. Rc1 a4 18. Rxc6 axb3 19. axb3 Ra2 20. Nd3 Rxe2 21.
Nc5 Bh3 22. Rc1 h6 23. Rc7 g5 24. d5 Rd8 25. Rxe7 Rxd5 26. Bxg5 Rc2 27. Ree1
Rxc1 28. Rxc1 hxg5 29. b4 f5 30. Ne6 Bf6 31. Rb1 Kf7 32. Nc7 Rd2 33. Nb5 Bd8 34.
Na3 Bb6 35. Nc4 Bxf2+ 36. Kh1 Rc2 37. Ne5+ Kf6 38. Nd3 Bd4 39. Ne1 Rf2 0-1

[Event "World Rapid 2018"]
[Site "St Petersburg RUS"]
[Date "2018.12.27"]
[Round "8.71"]
[White "Kazhgaleyev, Murtas"]
[Black "Huzman, Alexander"]
[Result "1-0"]
[WhiteTitle "GM"]
[BlackTitle "GM"]
[WhiteElo "2587"]
[BlackElo "2580"]
[WhiteFideId "13700316"]
[BlackFideId "2803828"]
[EventDate "2018.12.26"]

1. d4 Nf6 2. c4 e6 3. Nc3 Bb4 4. e3 O-O 5. Bd3 d5 6. cxd5 exd5 7. Ne2 Re8 8. O-O
Bf8 9. Bd2 a5 10. Rc1 Na6 11. Nf4 c6 12. f3 Nc7 13. Nce2 g6 14. Qc2 Nb5 15. a4
Nd6 16. Ng3 Bg7 17. Kh1 h5 18. Bxg6 fxg6 19. Qxg6 Qe7 20. e4 Qf7 21. Qxf7+ Nxf7
22. e5 h4 23. exf6 Bxf6 24. Ngh5 Bxd4 25. Bc3 Bxc3 26. bxc3 Re5 27. Rfe1 Bf5 28.
g4 hxg3 29. hxg3 Rxe1+ 30. Rxe1 Bc2 31. Re7 b5 32. axb5 cxb5 33. Ne6 a4 34. Nf6+
Kh8 35. Rxf7 a3 36. Nd4 Bg6 37. Rc7 a2 38. Nb3 Ra3 39. Na1 b4 40. Nxd5 b3 41.
Rb7 Ra5 42. c4 Bd3 43. Rxb3 Bxc4 44. Rb8+ Kg7 45. Ne3 Be6 46. Kg2 Rc5 47. Nec2
Rc3 48. Rb5 Kf6 49. Kf2 Rd3 50. Ra5 Bc4 51. g4 Rd2+ 52. Kg3 Rd3 53. Kf4 Bd5 54.
Ne3 1-0

[Event "World Rapid 2018"]
[Site "St Petersburg RUS"]
[Date "2018.12.27"]
[Round "8.72"]
[White "Lobanov, Sergei"]
[Black "Tukhaev, Adam"]
[Result "1/2-1/2"]
[WhiteTitle "IM"]
[BlackTitle "GM"]
[WhiteElo "2526"]
[BlackElo "2527"]
[WhiteFideId "24183750"]
[BlackFideId "14109476"]
[EventDate "2018.12.26"]

1. e4 d6 2. d4 Nf6 3. Nc3 g6 4. f4 Bg7 5. Nf3 O-O 6. Bd3 Na6 7. O-O c5 8. d5 Bg4
9. Kh1 Rb8 10. a4 e6 11. dxe6 fxe6 12. Bc4 Nc7 13. h3 Bxf3 14. Qxf3 Kh8 15. Be3
Qe7 16. Rad1 b6 17. Bc1 Rbd8 18. Kh2 Nh5 19. Qg4 a6 20. g3 Bd4 21. Ne2 Bg7 22.
Nc3 Bd4 23. Ne2 Bg7 24. Nc3 1/2-1/2

[Event "World Rapid 2018"]
[Site "St Petersburg RUS"]
[Date "2018.12.27"]
[Round "8.73"]
[White "Sharma, Dinesh K."]
[Black "Teske, Henrik"]
[Result "1-0"]
[WhiteTitle "IM"]
[BlackTitle "GM"]
[WhiteElo "2295"]
[BlackElo "2483"]
[WhiteFideId "5004110"]
[BlackFideId "4611500"]
[EventDate "2018.12.26"]

1. Nf3 g6 2. d4 d5 3. c4 dxc4 4. Qa4+ c6 5. Qxc4 Nf6 6. Ng5 Qd5 7. Qxd5 Nxd5 8.
a3 Bg7 9. e4 Nb6 10. Nf3 Bg4 11. Be3 N8d7 12. Nbd2 e5 13. h3 Be6 14. O-O-O O-O-O
15. Kc2 f5 16. Ng5 Bg8 17. dxe5 Bxe5 18. exf5 gxf5 19. Ngf3 Bf6 20. Bd3 Na4 21.
Bd4 f4 22. Bf5 Kc7 23. Rhe1 Bd5 24. Ne4 Bxd4 25. Rxd4 b5 26. Bxd7 Bxe4+ 27.
Rexe4 Rxd7 28. Rxd7+ Kxd7 29. Rxf4 Re8 30. Rf7+ Kd6 31. Rf6+ Kd5 32. b3 Nc5 33.
Rf5+ Kd6 34. Nd2 a5 35. b4 axb4 36. axb4 Na6 37. Rf4 Nc7 38. Ne4+ Ke5 39. Rh4
Nd5 40. Nc5 Ra8 41. Nd3+ Kf5 42. Rh5+ Ke4 43. Nc5+ Kf4 44. Nd3+ Ke4 45. f3+ Ke3
46. Re5+ Kd4 47. Re4# 1-0

[Event "World Rapid 2018"]
[Site "St Petersburg RUS"]
[Date "2018.12.27"]
[Round "8.74"]
[White "Gasanov, Eldar"]
[Black "Pogosyan, Stefan"]
[Result "1-0"]
[WhiteTitle "GM"]
[BlackTitle "FM"]
[WhiteElo "2499"]
[BlackElo "2365"]
[WhiteFideId "14104466"]
[BlackFideId "34159867"]
[EventDate "2018.12.26"]

1. d4 Nf6 2. c4 c5 3. d5 b5 4. Nf3 bxc4 5. Nc3 g6 6. e4 d6 7. Bxc4 Bg7 8. e5
dxe5 9. Nxe5 O-O 10. O-O Nfd7 11. Nxf7 Rxf7 12. d6 Nb6 13. Bxf7+ Kxf7 14. Qf3+
Bf6 15. dxe7 Qxe7 16. Bg5 Kg7 17. Rfe1 Qf7 18. Ne4 Bxg5 19. Qxf7+ Kxf7 20. Nxg5+
Kg7 21. Rad1 h6 22. Ne6+ Bxe6 23. Rxe6 Kf7 24. Rdd6 N8d7 25. Rxg6 Nc4 26. Ra6
Nxb2 27. Rxh6 Nf8 28. Rhc6 Nd7 29. Rc7 Ke7 30. Kf1 Kd8 31. Rb7 Kc8 32. Rxb2 1-0

[Event "World Rapid 2018"]
[Site "St Petersburg RUS"]
[Date "2018.12.27"]
[Round "8.75"]
[White "Vorotnikov, Vladislav V"]
[Black "Yilmaz, Mustafa"]
[Result "0-1"]
[WhiteTitle "GM"]
[BlackTitle "GM"]
[WhiteElo "2417"]
[BlackElo "2636"]
[WhiteFideId "4103009"]
[BlackFideId "6302718"]
[EventDate "2018.12.26"]

1. d4 Nf6 2. Nf3 e6 3. c3 d5 4. e3 Bd6 5. Nbd2 Nbd7 6. c4 b6 7. b3 Bb7 8. Bb2
O-O 9. Be2 Qe7 10. Ne5 dxc4 11. Nexc4 Bxg2 12. Rg1 Bd5 13. Bf3 Rac8 14. Nxd6
cxd6 15. e4 Ba8 16. Ba3 Ne8 17. e5 Qh4 18. Bxa8 Rxa8 19. Qg4 Qxg4 20. Rxg4 f5
21. Rg1 dxe5 22. Bxf8 Kxf8 23. dxe5 Nxe5 24. Ke2 Nf6 25. Rac1 Nd5 26. Nf3 Nf4+
27. Ke3 Nd5+ 28. Ke2 Ng6 29. Nd4 Ke7 30. Rc6 Kd7 31. Rgc1 Ne5 32. R6c2 a6 33.
Nf3 Ng6 34. h4 Ke7 35. a4 h6 36. Kf1 Kf6 37. Rc6 Ngf4 38. Re1 g5 39. Nd4 Re8 40.
hxg5+ hxg5 41. b4 Nxb4 42. Rxb6 Nbd3 43. Re3 Ne5 44. Rxa6 Rh8 45. Kg1 Rd8 46.
Rxe5 Rxd4 47. Re1 Rd2 48. a5 g4 49. Rb6 Nh3+ 50. Kh1 Nxf2+ 51. Kg1 Nh3+ 52. Kh1
Ng5 53. a6 g3 54. Re3 Rh2+ 55. Kg1 Nh3+ 0-1

[Event "World Rapid 2018"]
[Site "St Petersburg RUS"]
[Date "2018.12.27"]
[Round "8.76"]
[White "Popov, Ivan RUS"]
[Black "Nihal, Sarin"]
[Result "1-0"]
[WhiteTitle "GM"]
[BlackTitle "GM"]
[WhiteElo "2592"]
[BlackElo "2576"]
[WhiteFideId "4170350"]
[BlackFideId "25092340"]
[EventDate "2018.12.26"]

1. e4 e6 2. d4 d5 3. Nd2 c5 4. Ngf3 cxd4 5. Nxd4 Nf6 6. exd5 Qxd5 7. Nb5 Qd8 8.
Nc4 Nd5 9. Ne3 a6 10. Nxd5 exd5 11. Nd4 Nc6 12. Be3 Qf6 13. Qd2 Bd6 14. O-O-O
O-O 15. Bg5 Qxd4 16. Qxd4 Nxd4 17. Rxd4 Be6 18. Be3 Bc5 19. Rd3 Bxe3+ 20. Rxe3
d4 21. Re5 Rac8 22. Kd2 g6 23. Bd3 Rc7 24. Rhe1 Rfc8 25. R1e4 Rd7 26. a4 Kg7 27.
Rf4 Bc4 28. h4 h5 29. Ree4 Rdc7 30. Rxd4 Bxd3 31. Kxd3 Rxc2 32. Rd7 Rxb2 33.
Rfxf7+ Kg8 34. Rxb7 Ra2 35. Rg7+ Kf8 36. Rh7 Ra3+ 37. Ke4 Rxa4+ 38. Ke5 Ra5+ 39.
Kd6 Kg8 40. Rbg7+ Kf8 41. Rf7+ Kg8 42. Rfg7+ Kf8 43. Rxg6 Rc2 44. Rf6+ Kg8 45.
Ra7 Rd2+ 46. Kc6 Rc2+ 47. Kd6 Rd2+ 48. Ke6 Re2+ 49. Kd6 Rd2+ 50. Kc6 Rc2+ 51.
Kd7 Rd2+ 52. Ke8 Raa2 53. Rf8# 1-0

[Event "World Rapid 2018"]
[Site "St Petersburg RUS"]
[Date "2018.12.27"]
[Round "8.77"]
[White "Golubov, Saveliy"]
[Black "Kevlishvili, Robby"]
[Result "1/2-1/2"]
[WhiteTitle "IM"]
[BlackTitle "IM"]
[WhiteElo "2482"]
[BlackElo "2451"]
[WhiteFideId "24176729"]
[BlackFideId "1040634"]
[EventDate "2018.12.26"]

1. d4 d5 2. Bf4 c5 3. e3 cxd4 4. exd4 Nc6 5. c3 f6 6. Bd3 e5 7. Bg3 e4 8. Bc2 f5
9. h4 Nf6 10. Ne2 Bd6 11. Bxd6 Qxd6 12. Qd2 O-O 13. Qf4 Qe7 14. Ng3 Be6 15. Nd2
Rac8 16. Rc1 Qc7 17. Ne2 Nh5 18. Qxc7 Rxc7 19. g3 f4 20. Nxf4 Nxf4 21. gxf4 Rxf4
22. Nf1 Ne7 23. Ne3 Nf5 24. Ng2 Rg4 25. Rh2 Bf7 26. Kd2 Rg6 27. Ne3 Nxe3 28.
fxe3 Rcc6 29. Bd1 Rg3 30. Be2 h6 31. b3 Rcg6 32. Rf1 Rg2 33. Rf2 Rxh2 34. Rxh2
Rg1 35. a4 Ra1 36. Kc2 Be6 37. c4 dxc4 38. Kb2 Rg1 39. bxc4 Rg3 40. d5 Bd7 41.
Kc3 Rxe3+ 42. Kd4 Ra3 43. Kxe4 Ra2 44. c5 Bg4 45. Ke3 Ra3+ 46. Kd4 Rxa4+ 47. Bc4
b5 48. cxb6 axb6 49. Kc3 Bd7 50. d6+ Kf8 51. Rf2+ Ke8 52. Bf7+ Kd8 53. Bb3 Rxh4
54. Rf8+ Be8 55. Be6 Re4 56. Bf5 Re3+ 57. Kd4 Re1 58. Bc2 Re6 59. Kd5 Rf6 60.
Rg8 Rf2 61. Ba4 b5 62. d7 Rd2+ 63. Kc5 Rxd7 64. Bxb5 Re7 65. Kd6 g5 66. Bc6 Re1
67. Ba4 h5 68. Bxe8 Rxe8 69. Rxg5 Rh8 70. Ra5 Rh6+ 71. Ke5 h4 72. Kf4 h3 73. Ra1
Ke7 74. Kg3 Kf6 75. Ra6+ Kg7 76. Rxh6 Kxh6 77. Kxh3 1/2-1/2